Hoofdsteden per Letter - H - Statistieken

Algemene statistieken
  • Deze quiz is 1.550 keer genomen
  • De gemiddelde score is 4 van 5
Antwoordstatistieken
Land Hoofdstad % Correct
Finland Helsinki
91%
Vietnam Hanoi
77%
Cuba Havana
69%
Zimbabwe Harare
63%
Salomonseilanden Honiara
53%
Geen overeenkomende quizzen gevonden
Scoreverdeling
Procent van Mensen met Elke Score
Percentiel versus Aantal Correcte Antwoorden
Uw Scoregeschiedenis
U heeft deze quiz nog niet genomen